000 00999cam a2200277 a 4500
001 486
005 20230428130400.0
008 000921s2001 laua b 000 1 eng
020 _a1565548639
040 _aDLC
_cDLC
_dDLC
050 0 0 _aPZ7.P6283
_bWap 2001
082 0 0 _a[E]
_221
100 1 _aPilegard, Virginia Walton.
245 1 4 _aThe warlord's beads /
_cVirginia Walton Pilegard ; illustrated by Nicolas Debon.
260 _aGretna, La. :
_bPelican Publishing,
_c2001.
300 _a17 leaves of plates :
_bcolor illustrations ;
_c29 cm.
505 _aM
520 _aA young Chinese boy helps his father count the warlord's vast treasures by using beads threaded on a branch. Includes a brief history of the abacus and instructions for making one.
521 _a800
_bLexile
521 _aM
_bRaz-Plus
650 1 _aAbacus
_vFiction.
650 1 _aCounting
_vFiction.
700 1 _aDebon, Nicolas,
_eill.
906 _a7
_bcbc
_corignew
_d1
_eocip
_f20
_gy-gencatlg
942 _2ddc
_cBK
_n0
999 _c486
_d486